| 000 | 00462nam a22001577a 4500 | ||
|---|---|---|---|
| 999 |
_c60574 _d60574 |
||
| 005 | 20230908153303.0 | ||
| 008 | 230908s1959 fr ||||| |||| 00| 0 fre d | ||
| 041 | _afre | ||
| 080 | _a912(09) L-66 | ||
| 100 |
_aLibault André _919790 |
||
| 245 |
_aHistoire de la cartographie _cAndré, Libault. |
||
| 264 |
_aPariz: _bChaix, _c1959. |
||
| 300 |
_a86 p.: _bill.: _c27 cm. |
||
| 653 | _aკარტოგრაფიის ისტორია | ||
| 942 |
_2udc _cMX |
||